5HLuxD.jpg

KING HENRY VIII SENIOR AND PRIMARY SCHOOL LIBRARY OPAC

MAMMALS (Record no. 4384)

000 -LEADER
fixed length control field 00301nam a22001217a 4500
008 - FIXED-LENGTH DATA ELEMENTS--GENERAL INFORMATION
fixed length control field 250213b ||||| |||| 00| 0 eng d
020 ## - INTERNATIONAL STANDARD BOOK NUMBER
International Standard Book Number 9781474734639
082 ## - DEWEY DECIMAL CLASSIFICATION NUMBER
Classification number 599.03
100 ## - MAIN ENTRY--PERSONAL NAME
Personal name AMSTUTZ,LISA J
Relator term AUTHOR
245 ## - TITLE STATEMENT
Title MAMMALS
260 ## - PUBLICATION, DISTRIBUTION, ETC.
Place of publication, distribution, etc. 264 BANBURY ROAD ,OXFORD OX2 7DY
Date of publication, distribution, etc. RAINTREE
942 ## - ADDED ENTRY ELEMENTS (KOHA)
Source of classification or shelving scheme
Holdings
Withdrawn status Lost status Source of classification or shelving scheme Damaged status Not for loan Collection code Permanent Location Current Location Shelving location Date acquired Full call number Barcode Date last seen Price effective from Koha item type Public note
          Non-Fiction KH8 Primary School Library KH8 Primary School Library Non Fiction 2025-02-13 599.03 AMS KHPL000006079 2025-12-05 2025-02-13 Books - Non Ficton KH8 PRIMARY LIBRARY

Powered By KH8 IT Dept